000 01230nam a22002777a 4500
999 _c7458
_d7458
003 AR-CdUCM
008 190320b ||||| |||| 00| 0 spa d
040 _aMUNICIPALIDAD PROVINCIAL DEL CUSCO
_cBIBLIOTECA MUNICIPAL DEL CUSCO
041 _heng
082 _a630.8 /
_bP66
110 _aServicio de conservación de suelos departamento de Agricultura de los Estados Unidos de América.
_921034
245 _aPlaneamiento de sistema de riego para granjas /
260 _aMéxico D. F. :
_bDiana,
_c1972.
300 _a123 páginas ;
_bfiguras,
_c23 cm.
440 _aColección Ingeniería de suelos.
_n2
_921035
500 _aManual de Ingeniería de suelos, colección 15: Riego.
505 _aContenido: El planeamiento adecuado facilita la conservación mediante el riego -- Administración del agua de riego -- Selección del método -- Factores para el planeamiento -- Métodos adecuados para la aplicación del agua ...
650 _aSuelos
_919092
650 _aGranjas
_921036
650 _asistemas de riego
_96746
650 _aEstados Unidos
_91805
700 _aÁvila de la Torre, Emilio (traductor)
_921037
710 _aCentro Regional de Ayuda Técnica AID.
_921038
942 _2ddc
_cLIBROS
945 _aachl